VÝVOJ REÁLNYCH MIEZD V SR

Bibliographic Details
Main Author: Chajdiak, Jozef, 1952-2019 (Author)
Format: Article
Language:Slovak

MARC

LEADER 00000nab a2200000 a 4500
001 vtls011126319
003 SK-MaSNL
005 20260303133304.0
008 230218|2005 xo |||||||||||||||||slo|
015 |a SNBRB 
035 |a (uuid)43c6924f-7814-45f1-b607-81e8adc83a60 
035 |a (urnnbn)urn:nbn:sk:snk:ar-a09ejf 
035 |a urn:nbn:sk:snk-aba3n9 
040 |a SNKBUCL  |b slo  |c SNKBUCL  |e AACR2 
041 0 |a slo 
044 |a xo  |c SK 
100 1 |a Chajdiak, Jozef,  |d 1952-2019  |4 aut  |9 211046 
245 1 0 |a VÝVOJ REÁLNYCH MIEZD V SR  |c Jozef Chajdiak 
773 0 |t Forum statisticum Slovacum  |g Roč. 1, č. 2 (2005), s. 45-46 
954 |a odborná, vedecká literatúra pôvodná (slovenská)  |2 lita 
958 |a OND 
958 |a EUIPO 
958 |a article13 
999 |c 1955898  |d 1957828